000 00638nam a2200253Ia 4500
005 20260123170733.0
008 008 260114s9999 xx 000 0 eng d
020 _a9788178244198
037 _aEBOOK
040 _aCRL
040 _beng
040 _cCRL
041 _2eng
041 _aeng
084 _qCRL
100 _aGhanshyam Shah
_91107061
245 0 _aCaste and Democratic Politics in India
260 _bOrient Blackswan
260 _c2013
856 _uhttps://ebooks.orientblackswandigital.com/product/caste-democratic-politics-in-india
942 _cEBOOK
999 _c1672172
_d1672172